000 00267nam a22001097a 4500
008 170118b xxu||||| |||| 00| 0 eng d
020 _a9781435419155
041 _aeng
080 _24TH
_a618.2
245 _aCOMPREHENSIVE MEDICAL ASSISTING
_cLINDH, W.Q
942 _2udc
_cBK
999 _c3120
_d3120